书目信息 |
| 题名: |
虛舟題跋 竹雲題跋
|
|
| 作者: | 王澍, 著 ;李文 点校 | |
| 分册: | ||
| 出版信息: | 杭州 浙江人民美術出版社 2019.12 |
|
| 页数: | 372页 | |
| 开本: | 21cm | |
| 丛书名: | 藝術文獻集成 | |
| 单 册: | ||
| 中图分类: | J292.2-3 | |
| 科图分类: | ||
| 主题词: | 碑帖--bei tie--题跋--中国--清代 | |
| 电子资源: | ||
| ISBN: | 978-7-5340-7513-1 | |
| 000 | 01176nam 2200289 450 | |
| 001 | CAL 003911627 | |
| 005 | 20230217093111.0 | |
| 010 | @a978-7-5340-7513-1@dCNY69.80 | |
| 100 | @a20200401d2019 em y0chiy0120 ea | |
| 101 | 0 | @achi |
| 102 | @aCN@b330000 | |
| 105 | @ay z 000yy | |
| 106 | @ar | |
| 200 | 1 | @a虛舟題跋 竹雲題跋@Axu zhou ti ba zhu yun ti ba@f(清) 王澍 |
| 210 | @a杭州@c浙江人民美術出版社@d2019.12 | |
| 215 | @a372页@d21cm | |
| 225 | 2 | @a藝術文獻集成@Ayi shu wen xian ji cheng |
| 300 | @a版权页题: 李文點校 | |
| 330 | @a“艺术文献集成”搜集中国古代艺术方面的经典原著, 以可靠的版本为底本, 并予以重新校点整理, 本书即是其中的一种。《虚舟题跋》十卷、《补原》三卷, 括先秦至清代刻石、墨迹书法及少量论画题跋。王澍基于清代考证之风基础, 将历史和书法风格紧密结合, 从而使考辨论述更为详确。本次出版以易鹤轩本为底本, 校以墨妙楼本和忏花盦本, 力求为学界提供一个精审的整理本。 | |
| 410 | 0 | @12001 @a藝術文獻集成 |
| 518 | 1 | @a虚舟题跋 竹云题跋 |
| 606 | 0 | @a碑帖@Abei tie@x题跋@y中国@z清代 |
| 690 | @aJ292.2-3@v5 | |
| 701 | 0 | @a王澍,@Awang shu@f清代@4著 |
| 702 | 0 | @a李文@Ali wen@4点校 |
| 801 | 0 | @aCN@bBJXHZP@c20230228 |
| 905 | @b1398503-6@dJ292.2-3@e766@f4 | |
| 虛舟題跋 竹雲題跋/(清) 王澍.-杭州:浙江人民美術出版社,2019.12 |
| 372页;21cm.-(藝術文獻集成) |
| 版权页题: 李文點校 |
| ISBN 978-7-5340-7513-1:CNY69.80 |
| “艺术文献集成”搜集中国古代艺术方面的经典原著, 以可靠的版本为底本, 并予以重新校点整理, 本书即是其中的一种。《虚舟题跋》十卷、《补原》三卷, 括先秦至清代刻石、墨迹书法及少量论画题跋。王澍基于清代考证之风基础, 将历史和书法风格紧密结合, 从而使考辨论述更为详确。本次出版以易鹤轩本为底本, 校以墨妙楼本和忏花盦本, 力求为学界提供一个精审的整理本。 |
| ● |
| 相关链接 |
|
|
|
|
正题名:虛舟題跋 竹雲題跋
索取号:J292.2-3/766
 
预约/预借
| 序号 | 登录号 | 条形码 | 馆藏地/架位号 | 状态 | 备注 |
| 1 | 1398503 | 213985035 | 第一样本阅览室/ [索取号:J292.2-3/766] | 在馆 | |
| 2 | 1398504 | 213985044 | 第一借阅区/ [索取号:J292.2-3/766] |
已借出,限还日期为2026.06.02 借出人:郝峥 |
|
| 3 | 1398505 | 213985053 | 第一借阅区/ [索取号:J292.2-3/766] | 在馆 | |
| 4 | 1398506 | 213985062 | 第一借阅区/ [索取号:J292.2-3/766] | 在馆 |